000 00658nam a2200181Ia 4500
008 100920s9999 xx 000 0 und d
082 _b81399
_a891.43 न 01
100 _aगोयल पवन.
245 _aभारतीय वास्तु शास्त्र.
260 _bसत्ससाहित्य प्रकाशन, दिल्ली.
_c2001
300 _a140
_bसाधी
365 _b125
520 _aहिंदी.
630 _aभारतीय वास्तु शास्त्र.
650 _aहिंदी.
730 _aभारतीय वास्तु शास्त्र.
942 _cBOOK
999 _c722209
_d722206